¿ Qué puede aportar la neurociencia al marketing y a la investigación de mercados ? (Record no. 170773)

MARC details
000 -CABECERA
campo de control de longitud fija 00655nab a2200241 a 4500
005 - FECHA Y HORA DE LA ÚLTIMA TRANSACCIÓN
campo de control 20210219162144.0
008 - ELEMENTOS DE LONGITUD FIJA--INFORMACIÓN GENERAL
campo de control de longitud fija 991125s1985 mx 000 0 spa u
035 ## - NÚMERO DE CONTROL DEL SISTEMA
Número de control de sistema UPN01000198672
049 ## - COLECCIÓN
Colección ART
100 1# - ASIENTO PRINCIPAL--NOMBRE PERSONAL
Nombre de persona Castellanos, Vicente
100 1# - ASIENTO PRINCIPAL--NOMBRE PERSONAL
Nombre de persona González, Daniel
222 ## - TÍTULO CLAVE
Título clave REVISTA DE ESTUDIOS DE JUVENTUD
245 ## - MENCIÓN DE TÍTULO
Título ¿ Qué puede aportar la neurociencia al marketing y a la investigación de mercados ?
260 ## - PUBLICACIÓN, DISTRIBUCIÓN, ETC.
Lugar de publicación, distribución, etc. España
300 ## - DESCRIPCIÓN FÍSICA
Extensión 51-68
362 0# - FECHAS DE PUBLICACIÓN Y/O DESIGNACIÓN SECUENCIAL
Fecha de publicación y/o designación secuencial 2013 No. 103, dic.
653 0# - TERMINO DE INDIZACION - NO CONTROLADO
Término no controlado NEUROCIENCIA
653 0# - TERMINO DE INDIZACION - NO CONTROLADO
Término no controlado NEUROMARKETING
653 0# - TERMINO DE INDIZACION - NO CONTROLADO
Término no controlado EMOCIONES
653 0# - TERMINO DE INDIZACION - NO CONTROLADO
Término no controlado PUBLICIDAD
653 0# - TERMINO DE INDIZACION - NO CONTROLADO
Término no controlado TWITTER
905 ## - TIPO DE MATERIAL
Tipo de material Articulo

No items available.